| 000 | 00886cam a2200205 4500 | ||
|---|---|---|---|
| 001 | WS125645 | ||
| 008 | 040329n 000 0 eng u | ||
| 035 | _a(Sirsi) u125645 | ||
| 110 |
_aWood Panel Industries Federation _94611 |
||
| 245 | _aWood Panel Industries Federation | ||
| 520 | _aWeb site for this organisation representing industrial manufacturers in the UK and Ireland of wood chipboard, Oriented Strand Board (OSB) and Medium Density Fibre board (MDF). Includes a list of members, guidance and technical information on types of board and details of publications. | ||
| 650 | _aORGANISATION | ||
| 650 | _aCHIPBOARD | ||
| 650 | _aORIENTED STRAND BOARD | ||
| 650 | _aMEDIUM DENSITY FIBREBOARD | ||
| 650 | _aMDF | ||
| 690 | _aBUILT ENVIRONMENT-BUILDING MATERIALS | ||
| 856 | 4 | 0 |
_uhttps://www.wpif.org.uk _zView the website free of charge at www.wpif.org.uk... |
| 942 | _n0 | ||
| 999 |
_c120429 _d120429 |
||